[Event "HUN-ch Rapid 2020"]
[Site "Ajka"]
[Date "2020.07.18"]
[Round "8.20"]
[White "Mester, Gyula"]
[Black "Krstulovic, Alex"]
[Result "1/2-1/2"]
[WhiteElo "2341"]
[BlackElo "2338"]
[Annotator "TA"]
[PlyCount "96"]
[EventDate "2020.07.17"]
[EventType "swiss"]
[EventCountry "HUN"]
[SourceTitle "playchess.com"]
[Source "ChessBase"]
[SourceQuality "1"]

{[%evp 9,96,-21,6,-7,-7,-11,-8,-14,-8,-12,0,-5,0,-11,-10,-35,-29,-37,-17,-16,-4,-8,0,0,2,-23,12,15,27,23,24,16,0,0,69,-14,0,0,0,3,13,-63,-17,-64,-54,-54,-62,-66,-37,-37,-37,-34,-33,-20,-32,-41,-42,-52,-50,-68,-65,-64,-60,-136,-141,-139,-126,-182,-162,-170,-22,-56,-39,-60,0,0,0,0,0,88,46,0,0,0,0,0,0,0,0]} 1. d4 d5 2. e3 Nf6 3. c3 c5 4. Bd3 Bg4 5. f3 Bh5 6. Ne2 {D00: 1 d4 d5: Unusual lines.} e6 7. Nd2 Bg6 8. Nf4 {[#]} Bxd3 $146 ({Predecessor:} 8... Nc6 9. Nxg6 hxg6 10. f4 Bd6 11. Nf3 Qb6 12. Ne5 Rc8 13. Qe2 a5 14. O-O a4 {0-1 (59) Hollstein,F (2201)-Offinger,R (2238) Germany 2006}) 9. Nxd3 cxd4 10. exd4 Nc6 11. O-O Bd6 12. f4 O-O 13. Ne5 Nd7 14. Qe2 Qe7 15. Qb5 Ndb8 16. Ndf3 a6 17. Qb3 (17. Qd3 {keeps more tension.} f6 18. Ng4 Nd7 19. Re1 Qf7 20. b3) 17... f6 18. Nd3 Na5 19. Qc2 Nd7 20. Bd2 Nc4 21. Rae1 f5 (21... Rac8 $11) 22. Nde5 (22. Ng5 $14) 22... Ndxe5 23. fxe5 Nxd2 24. Nxd2 Bc7 25. b4 ({Better is} 25. a3 $11) 25... Rac8 26. a4 a5 27. Qb2 Bb6 28. Rc1 Rc7 29. bxa5 Bxa5 30. Nb3 Bb6 31. a5 Ba7 32. Rc2 Rfc8 33. Kh1 Qd7 34. h3 Qb5 35. Rfc1 Qd3 36. Nc5 (36. Rd2 $15 Qb5 37. Rdc2) 36... Bxc5 $17 37. dxc5 Qc4 38. Qb6 (38. Rb1 $17 {might work better.}) 38... Kf7 39. Rb2 Qf4 (39... Re7 $19 40. Rcb1 Qxc3) 40. Re1 Qg3 41. Reb1 $1 {[#] Hoping for Qd6.} Qxc3 (41... Qxe5 $15 42. Qd6 Kf6 43. Rxb7 Qxd6 44. cxd6 Rxb7 45. Rxb7 Ra8) 42. Qd6 $16 Rc6 $1 {[%cal Rc6d6]} 43. Rxb7+ Kg6 $1 44. Qe7 Qxe5 45. R1b6 (45. R7b6 $5 {[%cal Rb6c6]} Qf6 46. Rxc6 Qxe7 47. Rxc8 $11) 45... Qe1+ {[%mdl 64] [#] Double Attack. The position is equal.} 46. Kh2 Qe5+ 47. Kh1 Qe1+ {[%mdl 64] Double Attack} 48. Kh2 Qe5+ {Accuracy: White = 71%, Black = 83%.} 1/2-1/2

[Event "HUN-ch Rapid 2020"]
[Site "Ajka"]
[Date "2020.07.18"]
[Round "8.21"]
[White "Fancsy, Imre"]
[Black "Juhasz, Barbara"]
[Result "1-0"]
[WhiteElo "2352"]
[BlackElo "2223"]
[Annotator "TA"]
[PlyCount "81"]
[EventDate "2020.07.17"]
[EventType "swiss"]
[EventCountry "HUN"]
[SourceTitle "playchess.com"]
[Source "ChessBase"]
[SourceQuality "1"]

{[%evp 23,81,33,33,33,33,33,33,33,33,33,35,28,47,37,37,41,48,32,48,47,41,53,48,47,52,0,346,329,428,419,620,605,607,583,618,463,600,609,567,583,593,575,545,547,564,558,548,530,856,868,846,829,1560,1546,1530,1416,1446,1418,5259,5231]} 1. Nf3 Nf6 2. c4 g6 3. g3 Bg7 4. Bg2 O-O 5. d4 d6 6. Nc3 Nbd7 7. O-O e5 8. e4 exd4 9. Nxd4 Re8 10. h3 Rb8 11. Be3 a6 12. b3 c5 13. Nde2 {E68: King's Indian: Fianchetto: 6...Nbd7 7 0-0 e5 8 e4.} b5 $1 {[%cal Rb5b4] Threatening ...b4.} 14. Qxd6 b4 15. Na4 {Rad1 is the strong threat.White is slightly better.} Nxe4 16. Bxe4 {Hoping for Rad1.} Bxa1 17. Rxa1 {Strongly threatening Bh1.} Rxe4 18. Nxc5 {[%mdl 64] [#] Double Attack} Re8 19. Rd1 {Threatens to win with Nf4.} Qe7 $1 {[%cal Re7d6]} 20. Qxe7 Rxe7 21. Nf4 Nxc5 22. Bxc5 Re8 23. Nd5 $36 {[%mdl 2048] White has some pressure.} Re2 {[#]} 24. Bd4 $146 ({White should play} 24. Bd6 $14 Rb7 {[#]} 25. Ne7+ $1 {[%mdl 512]} Rbxe7 26. Bxe7 Rxe7 27. Rd8+ {[%mdl 64] Double Attack} Kg7 28. Rxc8) ({Predecessor:} 24. Nf4) 24... Rxa2 $2 {[%mdl 8192] White stays focused until the end.} (24... Be6 $11 {and Black stays safe.}) 25. Nf6+ $18 Kf8 26. Be5 Bg4 (26... Bxh3 $142 27. Bxb8 Re2 28. Bd6+ Kg7) 27. hxg4 {White is clearly winning.} Rc8 28. g5 a5 29. Nd7+ Ke8 30. Nb6 Rd8 31. Bd6 {Threatening mate with Re1+.} Re2 32. c5 {Black must now prevent c6.} Re6 33. f4 f6 34. Nd5 {And now Nc7+ would win.} Kf7 35. Nxf6 Re3 36. Kf2 Re6 37. Kf3 h6 38. Ne4 h5 39. c6 Rc8 40. c7 Kg8 41. Be5 {Accuracy: White = 92%, Black = 55%.} 1-0

[Event "HUN-ch Rapid 2020"]
[Site "Ajka"]
[Date "2020.07.18"]
[Round "8.22"]
[White "Martini, Balazs"]
[Black "Meszaros, Tamas"]
[Result "0-1"]
[WhiteElo "2339"]
[BlackElo "2378"]
[Annotator "TA"]
[PlyCount "78"]
[EventDate "2020.07.17"]
[EventType "swiss"]
[EventCountry "HUN"]
[SourceTitle "playchess.com"]
[Source "ChessBase"]
[SourceQuality "1"]

{[%evp 9,78,0,11,12,25,0,-4,-13,-7,-2,0,0,0,0,14,-11,18,-11,-11,-19,-15,-19,-11,-23,-16,-277,-265,-267,-276,-274,-276,-260,-269,-268,-269,-253,-258,-252,-250,-251,-246,-229,-247,-233,-242,-255,-250,-232,-243,-232,-173,-189,-191,-177,-174,-272,-269,-289,-291,-292,-292,-292,-295,-341,-341,-341,-341,-353,-353,-376,-341]} 1. d4 Nf6 2. Nf3 e6 3. Bg5 c5 4. e3 h6 5. Bh4 b6 6. Be2 {A46: 1 d4 Nf6 2 Nf3 e6: Torre, London and Colle Systems.} Bb7 {[#]} 7. a4 $146 ({Predecessor:} 7. O-O d6 8. c4 Be7 9. Nc3 cxd4 10. Nxd4 a6 11. Bf3 Qc7 12. Bxb7 Qxb7 13. Qf3 Qxf3 14. gxf3 {0-1 (40) Bartel,M (2342)-Kovalenko,I (2611) Poznan 2014}) 7... Be7 8. O-O {The position is equal.} O-O 9. a5 bxa5 10. Nbd2 Nc6 11. c3 d5 12. Qa4 Nd7 13. Bg3 Nb6 $36 {[%mdl 2048] Black has good play.} 14. Qa2 a4 15. Bb5 a3 16. bxa3 c4 17. a4 $2 {[%mdl 8192] [#] Now White is beyond hope.} (17. Rfb1 $11 {and White is okay.}) 17... Na5 $1 $19 18. Qc2 a6 19. Rfb1 axb5 20. axb5 Bd6 21. Ra2 Bxg3 22. hxg3 Qc7 23. Rba1 Nd7 24. Qb2 Qb6 25. Qb4 {[%cal Ra2a5] [#]} Nb3 $1 {[%cal Rb3a1]} 26. Nxb3 cxb3 27. Qxb3 Rxa2 28. Rxa2 Rb8 29. Qb4 Nf8 30. Ne5 f6 31. Nd3 {[#]} Bc8 $1 32. Rb2 (32. Nc5 $142) 32... Bd7 33. Nc5 Bxb5 34. Qa3 Qc7 35. Qb4 Qc6 36. e4 Nd7 37. Nxd7 Qxd7 38. Qc5 Rb7 39. exd5 exd5 {Accuracy: White = 72%, Black = 93%.} 0-1

[Event "HUN-ch Rapid 2020"]
[Site "Ajka"]
[Date "2020.07.18"]
[Round "8.23"]
[White "Kovacsy, Barnabas"]
[Black "Emodi, Barnabas"]
[Result "1/2-1/2"]
[WhiteElo "2143"]
[BlackElo "2352"]
[Annotator "NA"]
[PlyCount "53"]
[EventDate "2020.07.17"]
[EventType "swiss"]
[EventCountry "HUN"]
[SourceTitle "playchess.com"]
[Source "ChessBase"]
[SourceQuality "1"]
[TimeControl "900+10"]

1. e4 {[%emt 0:00:02]} c5 {[%emt 0:00:02]} 2. Nf3 {[%emt 0:00:08]} d6 {[%emt 0:00:03]} 3. d4 {[%emt 0:00:05]} cxd4 {[%emt 0:00:04]} 4. Nxd4 {[%emt 0:00:02]} e5 {[%emt 0:00:03]} 5. Nb3 {[%emt 0:00:14]} Nf6 {[%emt 0:00:04]} 6. f3 {[%emt 0:00:04]} Be7 {[%emt 0:00:38]} 7. c4 {[%emt 0:00:08]} O-O {[%emt 0:00:27]} 8. Be3 {[%emt 0:00:09]} Be6 {[%emt 0:00:39]} 9. Nc3 {[%emt 0:00:07]} a6 {[%emt 0:01:23]} 10. Be2 {[%emt 0:00:10]} Nbd7 {[%emt 0:01:10]} 11. O-O {[%emt 0:00:08]} Qc7 {[%emt 0:01:18]} 12. Nd5 {[%emt 0:00:14]} Bxd5 {[%emt 0:00:08]} 13. cxd5 {[%emt 0:00:02]} Rfc8 {[%emt 0:01:08]} 14. Qd2 {[%emt 0:01:03]} b6 {[%emt 0:00:36]} 15. Rac1 {[%emt 0:01:08]} Qb7 {[%emt 0:00:06]} 16. Na1 {[%emt 0:00:23]} Bd8 {[%emt 0:02:02]} 17. Nc2 {[%emt 0:00:57]} b5 {[%emt 0:00:40]} 18. Nb4 {[%emt 0:01:40]} Ba5 {[%emt 0:00:19]} 19. a3 {[%emt 0:00:02]} Nc5 {[%emt 0:00:31]} 20. Rc2 {[%emt 0:00:35]} Nfd7 {[%emt 0:01:59]} 21. Qd1 {[%emt 0:00:51]} Bxb4 {[%emt 0:00:45]} 22. axb4 {[%emt 0:00:02]} Na4 {[%emt 0:00:05]} 23. Rxc8+ {[%emt 0:00:18]} Rxc8 {[%emt 0:00:05]} 24. Qb3 {[%emt 0:00:15]} h6 {[%emt 0:00:18]} 25. Rc1 {[%emt 0:00:06]} Rxc1+ {[%emt 0:00:33]} 26. Bxc1 {[%emt 0:00:02]} Qc7 {[%emt 0:00:32]} 27. Be3 {[%emt 0:00:05]} 1/2-1/2

[Event "HUN-ch Rapid 2020"]
[Site "Ajka"]
[Date "2020.07.18"]
[Round "8.24"]
[White "Horvath, Tamas I"]
[Black "Varga, Marcell"]
[Result "1-0"]
[WhiteElo "2318"]
[BlackElo "1685"]
[Annotator "NA"]
[PlyCount "53"]
[EventDate "2020.07.17"]
[EventType "swiss"]
[EventCountry "HUN"]
[SourceTitle "playchess.com"]
[Source "ChessBase"]
[SourceQuality "1"]
[TimeControl "900+10"]

1. e4 {[%emt 0:00:04]} e5 {[%emt 0:00:02]} 2. Nf3 {[%emt 0:00:03]} Nc6 {[%emt 0:00:03]} 3. Bb5 {[%emt 0:00:04]} a6 {[%emt 0:00:04]} 4. Ba4 {[%emt 0:00:03]} d6 {[%emt 0:00:04]} 5. Bxc6+ {[%emt 0:00:11]} bxc6 {[%emt 0:00:02]} 6. d4 {[%emt 0:00:02]} exd4 {[%emt 0:00:25]} 7. Nxd4 {[%emt 0:00:25]} Bd7 {[%emt 0:00:02]} 8. O-O {[%emt 0:00:10]} c5 {[%emt 0:00:21]} 9. Ne2 {[%emt 0:00:36]} Bc6 {[%emt 0:01:22]} 10. Nbc3 {[%emt 0:00:03]} Nf6 {[%emt 0:00:02]} 11. Ng3 {[%emt 0:01:14]} Be7 {[%emt 0:01:37]} 12. Nf5 {[%emt 0:01:51]} O-O {[%emt 0:00:08]} 13. Qf3 {[%emt 0:00:59]} Re8 {[%emt 0:01:11]} 14. Qg3 {[%emt 0:00:53]} g6 {[%emt 0:00:34]} 15. Nxe7+ {[%emt 0:00:44]} Qxe7 {[%emt 0:00:04]} 16. f3 {[%emt 0:00:20]} Nh5 {[%emt 0:01:46]} 17. Qf2 {[%emt 0:00:37]} Rab8 {[%emt 0:00:30]} 18. b3 Qe5 {[%emt 0:01:45]} 19. Bd2 {[%emt 0:00:45]} Nf4 {[%emt 0:00:17]} 20. Rae1 {[%emt 0:02:23]} Ne6 {[%emt 0:01:28]} 21. Nd1 {[%emt 0:00:44]} Nd4 {[%emt 0:00:19]} 22. Ne3 {[%emt 0:00:24]} h5 {[%emt 0:01:48]} 23. Kh1 {[%emt 0:00:15]} Qf6 {[%emt 0:03:22]} 24. c4 {[%emt 0:02:19]} Ne6 {[%emt 0:00:01]} 25. Bc1 {[%emt 0:00:11]} a5 {[%emt 0:00:30]} 26. Bb2 {[%emt 0:00:05]} Qe7 {[%emt 0:01:04]} 27. Nd5 {[%emt 0:00:04]} 1-0

[Event "HUN-ch Rapid 2020"]
[Site "Ajka"]
[Date "2020.07.18"]
[Round "8.25"]
[White "Varga, Peter"]
[Black "Farkas, Otto Jr."]
[Result "1-0"]
[WhiteElo "2371"]
[BlackElo "1650"]
[Annotator "NA"]
[PlyCount "64"]
[EventDate "2020.07.17"]
[EventType "swiss"]
[EventCountry "HUN"]
[SourceTitle "playchess.com"]
[Source "ChessBase"]
[SourceQuality "1"]
[TimeControl "900+10"]

1. d4 {[%emt 0:00:01]} d5 {[%emt 0:00:01]} 2. c4 {[%emt 0:00:02]} dxc4 {[%emt 0:00:01]} 3. e4 {[%emt 0:00:16]} Nf6 {[%emt 0:00:02]} 4. e5 {[%emt 0:00:05]} Nd5 {[%emt 0:00:01]} 5. Bxc4 {[%emt 0:00:02]} Bf5 {[%emt 0:00:04]} 6. Ne2 {[%emt 0:00:31]} e6 {[%emt 0:00:06]} 7. O-O {[%emt 0:00:02]} Bxb1 {[%emt 0:00:02]} 8. Rxb1 {[%emt 0:00:03]} Nc6 {[%emt 0:00:01]} 9. Bb5 {[%emt 0:02:02]} Qd7 {[%emt 0:00:40]} 10. Qa4 {[%emt 0:00:09]} Nb6 {[%emt 0:00:07]} 11. Qc2 {[%emt 0:00:20]} Be7 {[%emt 0:00:17]} 12. Be3 {[%emt 0:00:09]} O-O {[%emt 0:00:06]} 13. Rfc1 {[%emt 0:00:07]} Qd5 {[%emt 0:00:31]} 14. a4 {[%emt 0:02:18]} Rac8 {[%emt 0:02:04]} 15. Nf4 {[%emt 0:01:18]} Qd7 {[%emt 0:00:39]} 16. a5 {[%emt 0:00:31]} Nd5 {[%emt 0:00:02]} 17. a6 {[%emt 0:00:04]} Ndb4 {[%emt 0:00:15]} 18. Qa4 {[%emt 0:00:06]} bxa6 {[%emt 0:01:25]} 19. Bxc6 {[%emt 0:00:03]} Qd8 {[%emt 0:00:01]} 20. Bb7 {[%emt 0:00:44]} Rb8 {[%emt 0:00:02]} 21. Bxa6 {[%emt 0:00:04]} g5 {[%emt 0:00:31]} 22. Nh5 {[%emt 0:00:30]} Rb6 {[%emt 0:00:11]} 23. Be2 {[%emt 0:00:11]} Qb8 {[%emt 0:00:25]} 24. Nf6+ {[%emt 0:00:46]} Bxf6 {[%emt 0:00:04]} 25. exf6 {[%emt 0:00:02]} Nd5 {[%emt 0:00:04]} 26. Bxg5 {[%emt 0:00:30]} Rxb2 {[%emt 0:00:03]} 27. Qa1 {[%emt 0:00:03]} Rxb1 {[%emt 0:00:29]} 28. Rxb1 {[%emt 0:00:21]} Qd8 {[%emt 0:00:02]} 29. Bh6 {[%emt 0:00:32]} Re8 {[%emt 0:00:08]} 30. Bb5 {[%emt 0:00:02]} Qxf6 {[%emt 0:00:13]} 31. Bxe8 {[%emt 0:00:05]} Qxh6 {[%emt 0:00:01]} 32. Bc6 {[%emt 0:00:36]} Nf4 1-0

[Event "HUN-ch Rapid 2020"]
[Site "Ajka"]
[Date "2020.07.18"]
[Round "9.1"]
[White "Kozak, Adam"]
[Black "Czebe, Attila"]
[Result "1/2-1/2"]
[WhiteElo "2503"]
[BlackElo "2367"]
[Annotator "TA"]
[PlyCount "79"]
[EventDate "2020.07.17"]
[EventType "swiss"]
[EventCountry "HUN"]
[SourceTitle "playchess.com"]
[Source "ChessBase"]
[SourceQuality "1"]

{[%evp 12,79,24,33,25,30,18,18,23,13,39,20,33,33,63,56,80,49,106,50,114,14,18,0,54,52,41,31,37,18,52,0,122,59,64,37,44,-137,7,0,43,57,50,39,52,30,54,24,45,36,60,56,87,89,80,47,54,60,45,66,57,13,62,55,45,51,56,24,26,31]} 1. Nf3 Nf6 2. c4 b6 3. g3 Bb7 4. Bg2 g6 5. O-O Bg7 6. d4 O-O 7. d5 Ne4 {A50: Queen's Fianchetto Defence (1 d4 Nf6 2 c4 b6).} 8. Qc2 f5 9. Ng5 Nd6 {The position is equal.} 10. Nc3 {[#]} h6 $146 ({Predecessor:} 10... a5 11. e4 Na6 12. Bf4 h6 13. Nf3 Nc5 14. Bxd6 exd6 15. exf5 gxf5 16. Nh4 Qf6 {1-0 (47) Grischuk,A (2777)-Livaic,L (2507) chess.com INT 2020}) 11. Nf3 Na6 12. e4 e5 13. b3 Nc5 {[%cal Rf5e4]} 14. exf5 gxf5 (14... Nxf5 $14 15. Bd2 g5) 15. b4 ({Better is} 15. Nh4 $16) 15... Na6 (15... Nd3 $14) 16. Qb3 (16. Rb1 $16) 16... e4 $11 17. Nd2 Qf6 (17... c6 $11) 18. Bb2 $14 Rae8 19. Na4 Qg5 20. Bxg7 Qxg7 21. Rad1 ({White should try} 21. b5 $14) 21... Kh7 (21... Nf7 $11) 22. Rfe1 (22. b5 $1 $16) 22... Nf7 23. f4 (23. b5 $5 {[%cal Rb5a6]}) 23... h5 24. h4 $2 {[#]} (24. b5 $14 {stays ahead.}) 24... Nh6 (24... Nxb4 $1 $17 {[%mdl 512] White must now prevent ...Nd3.} 25. Qxb4 Qxg3 {[%mdl 64] Double Attack}) 25. Nf1 $11 d6 26. Nc3 Nb8 27. Nb5 a6 28. Nd4 Bc8 29. a3 Rg8 30. Bh3 Qf6 {Black wants to play ...Qxh4.} 31. Kh2 Re7 32. Re2 Nd7 33. Ne6 Rxe6 $1 34. dxe6 Qxe6 35. Ne3 Nf6 36. Nd5 Rg7 37. Nxf6+ Qxf6 38. Re3 Be6 39. Qc2 (39. Qc3 $5 {[%cal Rc3f6]} Qe7 40. Qd4 $14) 39... Rg8 40. Rd2 {Accuracy: White = 60%, Black = 63%.} 1/2-1/2

[Event "HUN-ch Rapid 2020"]
[Site "Ajka"]
[Date "2020.07.18"]
[Round "9.2"]
[White "Erdos, Viktor"]
[Black "Antal, Gergely"]
[Result "1/2-1/2"]
[WhiteElo "2618"]
[BlackElo "2571"]
[Annotator "TA"]
[PlyCount "68"]
[EventDate "2020.07.17"]
[EventType "swiss"]
[EventCountry "HUN"]
[SourceTitle "playchess.com"]
[Source "ChessBase"]
[SourceQuality "1"]

{[%evp 9,68,-9,12,16,21,0,28,21,22,0,12,10,12,0,0,8,2,1,7,8,9,0,7,-4,3,0,0,0,9,-4,16,0,0,0,0,-13,-14,-8,0,0,0,0,0,0,0,0,6,0,0,0,0,0,0,0,0,0,0,0,0,0,0]} 1. e4 c6 2. Nf3 d5 3. d3 dxe4 4. dxe4 Qxd1+ 5. Kxd1 Nf6 6. Nfd2 {B10: Caro-Kann: 2 d3 and 2 c4.} h5 7. h4 {[#]} g6 $146 ({Predecessor:} 7... Ng4 8. Ke1 e5 9. Nb3 a5 10. a4 Na6 11. f3 Nf6 12. Be3 Nb4 13. Na3 Be6 {½-½ (67) Harikrishna,P (2719)-Firouzja,A (2728) chess.com INT 2020}) 8. f3 {White has an edge.} Bh6 {The position is equal.} 9. Nc4 Bxc1 10. Kxc1 Be6 11. Nbd2 Nbd7 12. c3 Bxc4 13. Nxc4 Nb6 14. Na5 O-O-O 15. Kc2 Nfd7 16. Be2 Kc7 17. Rad1 f5 18. Nb3 e5 19. Bd3 Rdg8 20. Rd2 f4 21. Rhd1 g5 22. hxg5 Rxg5 23. Bf1 Rg6 24. a4 {[%cal Ba2a4,Ba4a5][%mdl 32] [#] a5 is the strong threat.} Rh7 25. a5 Nc8 26. Nc1 Rd6 27. b4 Rxd2+ 28. Rxd2 b6 29. axb6+ axb6 30. Nd3 Nd6 31. Kb3 Rh8 32. Ra2 Kb7 33. Rd2 {Hoping for Nxf4!} Kc7 34. Ra2 Kb7 {An uneventful encounter. Accuracy: White = 100%, Black = 96%.} 1/2-1/2

[Event "HUN-ch Rapid 2020"]
[Site "Ajka"]
[Date "2020.07.18"]
[Round "9.3"]
[White "Kantor, Gergely"]
[Black "Bagi, Mate"]
[Result "1-0"]
[WhiteElo "2530"]
[BlackElo "2478"]
[Annotator "TA"]
[PlyCount "79"]
[EventDate "2020.07.17"]
[EventType "swiss"]
[EventCountry "HUN"]
[SourceTitle "playchess.com"]
[Source "ChessBase"]
[SourceQuality "1"]

{[%evp 16,79,35,29,43,26,44,14,73,70,102,73,78,56,107,95,303,299,265,267,444,436,422,390,342,304,346,289,447,395,387,375,422,406,520,509,555,514,682,675,756,732,837,820,879,871,1074,1065,965,951,1565,1406,2369,1962,1812,1523,29956,29957,12847,6825,29986,29987,29990,29969,29991,29992]} 1. d4 Nf6 2. c4 g6 3. Nc3 d5 4. cxd5 Nxd5 5. e4 Nxc3 6. bxc3 Bg7 7. Be3 c5 8. Rc1 $1 {[%mdl 4] is more profitable than 8.Qd2 at the moment. Played by Magnus Carlsen in June 2020.} O-O 9. Nf3 b6 {D85: Exchange Grünfeld: Unusual White 7th moves and lines with 7 Nf3.} 10. h4 h5 11. Bc4 {aiming for Bd5.} Bb7 (11... Nc6 $11 {keeps the balance.}) 12. Ng5 {[#]} (12. dxc5 Qxd1+ 13. Rxd1 Bxc3+ 14. Bd2 Bg7 $15) 12... b5 $146 ({Predecessor:} 12... cxd4 13. cxd4 b5 14. Bxf7+ Rxf7 15. Qb3 Qe8 16. Rc7 Bxe4 17. Nxe4 Na6 18. Rb7 Bf6 {1-0 (28) Djurhuus,R-Volchok,A ICCF corr 1992}) 13. Bb3 c4 14. Bc2 Qd7 ({Black should play} 14... Qa5 $14) 15. e5 {Strongly threatening e6!} Qg4 $2 (15... Bxg2 $2 {[#]} 16. e6 $1 $18 {[%mdl 512]}) (15... Bd5 $16) 16. Qxg4 $18 hxg4 17. h5 f6 $2 (17... Bxg2 18. Rh4 f6) 18. Ne6 ({Not} 18. h6 fxg5 19. hxg7 Rf7 $18) 18... Bxg2 19. Rh2 ({Weaker is} 19. Nxf8 Bxh1 20. Nxg6 fxe5 $18) 19... Bd5 20. Nxf8 Kxf8 21. exf6 ({Resist} 21. Bxg6 fxe5 22. h6 exd4 $18) 21... exf6 (21... Bxf6 $142 22. hxg6 Nc6) 22. hxg6 Nc6 23. Rb1 a6 24. Kd2 Ne7 25. Bf4 Rd8 26. Re1 Rd7 27. Rh5 b4 28. Ba4 Bc6 {[#]} 29. Rxe7 $1 {[%mdl 512]} bxc3+ (29... Rxe7 30. Bxc6) 30. Kxc3 Bxa4 31. Rxd7 Bxd7 {[%mdl 4096] Endgame KRB-KB} 32. Rc5 Ke7 33. Kxc4 Ke6 34. Rc7 Bb5+ 35. Kc3 Bd7 {[#]} 36. d5+ $1 Ke7 (36... Kxd5 37. Rxd7+) 37. Kc4 f5 38. Kc5 {White mates.} Bb2 {[#]} 39. Ra7 $1 Bc3 40. Bg5+ {Black got outplayed after the opening. Accuracy: White = 75%, Black = 26%.} 1-0

[Event "HUN-ch Rapid 2020"]
[Site "Ajka"]
[Date "2020.07.18"]
[Round "9.4"]
[White "Berkes, Ferenc"]
[Black "Aczel, Gergely"]
[Result "1-0"]
[WhiteElo "2661"]
[BlackElo "2511"]
[Annotator "TA"]
[PlyCount "71"]
[EventDate "2020.07.17"]
[EventType "swiss"]
[EventCountry "HUN"]
[SourceTitle "playchess.com"]
[Source "ChessBase"]
[SourceQuality "1"]

{[%evp 26,71,29,27,35,-15,43,0,0,0,0,0,0,0,0,0,0,0,0,0,0,-15,-9,-13,0,0,57,52,54,45,103,118,181,180,415,420,421,423,400,334,514,495,559,494,463,456,5297,5147]} 1. d4 Nf6 2. c4 e6 3. Nc3 Bb4 4. f3 d5 5. a3 Bxc3+ 6. bxc3 c5 7. cxd5 exd5 8. e3 O-O 9. Bd3 b6 10. Ne2 Ba6 11. O-O Re8 12. Ng3 Bxd3 13. Qxd3 Nc6 14. Bb2 h5 {E49: Nimzo-Indian: Rubinstein: 5 Bd3 d5 6 a3 Bxc3+ 7 bxc3.} 15. Rad1 $5 {[%mdl 4] Exploring less charted territory.} Qd7 (15... c4 $11 16. Qe2 Qd7) 16. Rfe1 Rad8 {The position is equal.} 17. e4 {[#]} h4 $146 ({Predecessor:} 17... cxd4 18. cxd4 h4 19. Nf5 g6 20. Nxh4 dxe4 21. fxe4 Qg4 {½-½ (60) Kharitonov,A (2538)-Bellia,F (2428) Rethymno 2012}) 18. Nf5 g6 $1 {[%cal Rg6f5]} 19. Nxh4 dxe4 20. fxe4 Qg4 21. Nf3 Rxe4 22. h3 Qf5 23. Rxe4 Qxe4 24. Qd2 cxd4 25. cxd4 Rd5 (25... Nd5 $11) 26. Re1 $36 {[%mdl 2048] Black is under pressure.} Qf5 27. Qc3 Nd8 (27... Rd6 $14) 28. Ne5 $16 Ne4 {[#]} (28... Kg7 $16 {is a better defense.}) 29. Qe3 $1 $18 Nd6 $2 (29... Nf6 30. Qh6 Rb5) 30. Ng4 {Threatens to win with Nh6+.} Qg5 31. Qxg5 Rxg5 {[#]} 32. d5 $1 {[%mdl 512] Hoping for Nf6+.} f5 (32... Kf8 $142 33. Ne5 Rxe5 34. Bxe5 Ke7) (32... Rxd5 33. Nf6+) 33. Nh6+ {White is clearly winning.} Kh7 34. Bc1 Kxh6 35. h4 {[%mdl 64] Pin} Ne4 (35... N8f7 $142 36. hxg5+ Kg7) 36. Rxe4 {Accuracy: White = 90%, Black = 48%.} 1-0

[Event "HUN-ch Rapid 2020"]
[Site "Ajka"]
[Date "2020.07.18"]
[Round "9.5"]
[White "Farago, Sandor"]
[Black "Banusz, Tamas"]
[Result "0-1"]
[WhiteElo "2271"]
[BlackElo "2628"]
[Annotator "TA"]
[PlyCount "90"]
[EventDate "2020.07.17"]
[EventType "swiss"]
[EventCountry "HUN"]
[SourceTitle "playchess.com"]
[Source "ChessBase"]
[SourceQuality "1"]

{[%evp 12,90,37,13,20,-20,-20,-33,-22,-33,-37,-37,-33,-52,-53,-91,-86,-85,-84,-101,-60,-77,-79,-70,-57,-125,0,-16,-5,-43,-40,-41,45,10,2,17,89,106,92,-15,-8,-454,-457,-464,-439,-478,-460,-585,-609,-620,-600,-604,-592,-705,-687,-641,-511,-511,-511,-512,-512,-511,-504,-502,-508,-516,-504,-559,-558,-558,-553,-557,-532,-668,-671,-656,-637,-793,-786,-746,-742]} 1. e4 e5 2. Nf3 Nc6 3. Bb5 a6 4. Ba4 Nf6 5. d3 d6 6. c3 g6 7. Bg5 Bg7 {C77: Ruy Lopez: 3...a6 4 Ba4 Nf6, unusual lines.} 8. Qd2 h6 9. Bh4 {[#]} O-O $146 {Black is slightly better.} ({Predecessor:} 9... g5 10. Bg3 Nh5 11. Bxc6+ bxc6 12. d4 g4 13. Ng1 Qe7 14. f3 f5 15. d5 cxd5 16. Qxd5 {0-1 (22) Langschmidt,D (2223)-Schmidt,H (2011) ICCF email 2006}) 10. h3 g5 11. Bg3 $1 Ne7 12. Bc2 Ng6 $36 {[%mdl 2048] Black has the initiative.} 13. c4 Nh5 14. Nc3 Nhf4 15. Rg1 f5 16. exf5 Bxf5 17. O-O-O Qf6 18. Bh2 (18. h4 $15) 18... g4 ({Black should play} 18... Be6 $17 {...Nxh3! is the strong threat.} 19. Bxf4 Nxf4) 19. hxg4 $11 Bxg4 {aiming for ...Nxg2!} 20. Ne4 Qf7 21. Rde1 Kh8 (21... b5 $15) 22. Bxf4 Qxf4 23. Re3 h5 (23... Bxf3 $11 {remains equal.} 24. gxf3 Nh4) 24. g3 $16 Qf5 25. Nfg5 (25. Nh2 $16) 25... Bh6 $11 26. f4 $2 {[%mdl 8192] [#] White does not recover from this.} (26. f3 $11 Bxg5 27. fxg4 hxg4 28. Nxg5 Qxg5 29. Re4 Qxd2+ 30. Kxd2) 26... exf4 $19 {Black is clearly winning.} 27. gxf4 Nxf4 28. Qc3+ Kg8 29. Bd1 Bxg5 30. Bxg4 hxg4 31. Nxg5 Qxg5 32. Qd2 Rae8 {[#] Threatens to win with ...Rxe3.} 33. Kc2 Ng6 34. Rxe8 Qxd2+ 35. Kxd2 {Black must now prevent Rxf8+.} Rxe8 36. Rxg4 {[%mdl 4096] Endgame KRN-KR} Kf7 37. d4 Rh8 38. Rg2 Rh3 39. Kc2 Ne7 40. Rf2+ Ke6 41. d5+ Kd7 42. Rf7 b5 43. b3 Rh2+ 44. Kb1 bxc4 45. bxc4 Rh4 {Accuracy: White = 50%, Black = 80%.} 0-1